MARC details
| 000 -LEADER |
| fixed length control field |
01088nam a2200253 a 4500 |
| 008 - FIXED-LENGTH DATA ELEMENTS--GENERAL INFORMATION |
| fixed length control field |
120416s1995 ||||||||||||||||| || u |
| 020 ## - INTERNATIONAL STANDARD BOOK NUMBER |
| International Standard Book Number |
0521422353 |
| 020 ## - INTERNATIONAL STANDARD BOOK NUMBER |
| International Standard Book Number |
0521422353 |
| 050 ## - LIBRARY OF CONGRESS CALL NUMBER |
| Classification number |
PE 1128.A2 Val |
| 100 ## - MAIN ENTRY--PERSONAL NAME |
| Personal name |
Feunteun, Anne |
| 245 10 - TITLE STATEMENT |
| Title |
Teaching children English: a training course for teachers of English to children |
| 260 ## - PUBLICATION, DISTRIBUTION, ETC. |
| Place of publication, distribution, etc. |
Cambridge: |
| Name of publisher, distributor, etc. |
Cambridge University Press |
| Date of publication, distribution, etc. |
1995. |
| 300 ## - PHYSICAL DESCRIPTION |
| Extent |
vi, 280 p.: ill. |
| 350 ## - PRICE (NR) (BK AM CF MU VM SE) [OBSOLETE] |
| Price |
0.00 |
| 490 ## - SERIES STATEMENT |
| Series statement |
Cambridge teacher training and development |
| 500 ## - GENERAL NOTE |
| General note |
Includes bibliographical references (p. 274-275) and index. |
| 650 ## - SUBJECT ADDED ENTRY--TOPICAL TERM |
| Topical term or geographic name entry element |
ENGLISH LANGUAGE--STUDY AND TEACHING--FOREIGN SPEAKERS |
| 650 ## - SUBJECT ADDED ENTRY--TOPICAL TERM |
| Topical term or geographic name entry element |
CHILDREN OF IMIGRANTS--EDUCATION--LANGUAGE ARTS |
| 650 ## - SUBJECT ADDED ENTRY--TOPICAL TERM |
| Topical term or geographic name entry element |
ENGLISH TEACHERS--TRAINING OF |
| 700 ## - ADDED ENTRY--PERSONAL NAME |
| Personal name |
Vale, David |
| 856 ## - ELECTRONIC LOCATION AND ACCESS |
| Uniform Resource Identifier |
<a href="http://www.loc.gov/catdir/description/cam026/94020664.html">http://www.loc.gov/catdir/description/cam026/94020664.html</a> |
| 856 ## - ELECTRONIC LOCATION AND ACCESS |
| Uniform Resource Identifier |
<a href="http://www.loc.gov/catdir/toc/cam026/94020664.html">http://www.loc.gov/catdir/toc/cam026/94020664.html</a> |
| 995 ## - RECOMMENDATION 995 [LOCAL, UNIMARC FRANCE] |
| -- |
0.00 |
| -- |
CBU-MAIN LIBRARY (Kitwe) |
| -- |
1 |
| -- |
6.00 |
| -- |
1 |
| -- |
AVAILABLE |
| -- |
Main Library Open Access Collection |